000 00589cam a2200217 i 4500
001 1763752
005 20180205083252.0
008 770609s1977 nyua b 101 0 eng
010 _a 76058059
020 _a0890041903
040 _aDLC
_cDLC
_dDLC
041 _aeng
080 _a616.853
082 0 0 _a616.853 RAV
100 _a4
101 _aSHM
245 1 0 _aEpilepsy :
_ceditor, J. Kiffin Penry.
504 _aIncludes bibliographical references and index.
906 _a7
_bcbc
_corignew
_d1
_eocip
_f19
_gy-gencatlg
942 _2ddc
_cBK
999 _c41812
_d41812